Statistics for Intelligence Quiz!

Click here to take the quiz!

General Stats

  • This quiz has been taken 11 times
  • The average score is 4 of 15

Answer Stats

QuestionAnswer% Correct
??????
60%
is the earth flat!urm yes
60%
Which tree is not real
40%
how many bones206 + (1)
40%
how many holes in a polo4
40%
Favorite CheeseChucky Cheese
40%
what is the scariest place on the plantmarinara trench
40%
is the sun a plantetwhat
40%
Who is the strongest
20%
How many stripes on American flag13
20%
Worst stateNew England
20%
gawk from a minecraft witch or from gustavo fring (he is NOT happy)the which
20%
How many times has america won the super bowl
0%
how many stars are they're.50
0%
wyr be a millionaire dog or a dolarless humanthe dog
0%

Score Distribution

Percentile by Number Answered

Percent of People with Each Score

Your Score History

You have not taken this quiz